Sófocles (Record no. 60525)

MARC details
000 -LEADER
campo de control de longitud fija 01038nam a2200205 i 4500
001 - NÚMERO DE CONTROL
campo de control 60525
003 - IDENTIFICADOR DE NÚMERO DE CONTROL
campo de control ES-MaACL
007 - CAMPO FIJO DE DESCRIPCIÓN FÍSICA--INFORMACIÓN GENERAL
campo de control de longitud fija t|
008 - DATOS DE LONGITUD FIJA--INFORMACIÓN GENERAL
campo de control de longitud fija 031105s1950 ag ||||1| spa d
100 1# - ENTRADA PRINCIPAL--NOMBRE DE PERSONA
Nombre de persona Esquilo.
9 (RLIN) 47970
245 10 - MENCIÓN DEL TÍTULO
Título Sófocles
Resto del título : obras completas /
Mención de responsabilidad, etc. Esquilo.
250 ## - MENCION DE EDICION
Mención de edición 2ª ed.
260 ## - PUBLICACIÓN, DISTRIBUCIÓN, ETC.
Lugar de publicación, distribución, etc. Buenos Aires :
Nombre del editor, distribuidor, etc. El Ateneo,
Fecha de publicación, distribución, etc. [1950] (
Fabricante Bartolomé U. Chiesino)
300 ## - DESCRIPCIÓN FÍSICA
Extensión 810 p., 10 lám. ;
Dimensiones 10 cm.
490 1# - MENCIÓN DE SERIE
Mención de serie Clásicos inolvidables
505 8# - NOTA DE CONTENIDO CON FORMATO
Nota de contenido con formato Contiene: Introducción a la tragedia griega / por Girard. Las siete tragedias de Esquilo / traducido del griego al castellano por Fernando Segundo Brieva Salvatierra. Prometeo encadenado. Los persas. La orestiada. Trilogia trágica. Agamenon. Las coeforas. Las euménides. Las suplicantes. Tragedias de Sófocles / traducidas del griego al castellano por José Alemeny Bolufer. Ayax. Electra. Edipo, Rey. Edipo en Colono. Antígona. Las Traquinias. Filoctetes
830 0# - PUNTO DE ACCESO ADICIONAL DE SERIE-TÍTULO UNIFORME
Título uniforme Clásicos inolvidables
9 (RLIN) 230558
852 ## - LOCALIZACIÓN
Ubicación ES-MaACL
Número de control de estantería C-8928
Sublocalización o colección R.37002
Holdings
Estatus retirado Estado de pérdida Estado de daño No para préstamo Biblioteca de origen Biblioteca actual Ubicación en estantería Fecha de adquisición Fuente de adquisición Total de préstamos Signatura topográfica completa Código de barras Visto por última vez Precio de reemplazo Tipo de ítem Koha
        Biblioteca del Ateneo de Madrid Biblioteca del Ateneo de Madrid Sala Palomar 17/01/2008     C-8928 1063476 23/02/2023 23/02/2023 Libro impreso